[Event "Novi Sad Serbian op"]
[Site "Novi Sad"]
[Date "2016.11.12"]
[Round "8"]
[White "Kracunov, Bozidar"]
[Black "Vukovic, Zoran"]
[Result "1-0"]
[WhiteElo "2019"]
[BlackElo "1734"]
[PlyCount "51"]
[EventDate "2016.11.06"]
[EventType "swiss"]
[EventRounds "9"]
[EventCountry "SRB"]
[SourceTitle "CBM 175 Extra"]
[Source "ChessBase"]
[SourceDate "2016.12.12"]
[SourceVersion "1"]
[SourceVersionDate "2016.12.12"]
[SourceQuality "1"]

1. d4 d5 2. c4 c6 3. Nc3 Bf5 4. cxd5 cxd5 5. Qb3 Nc6 6. e3 Qd7 7. Nf3 e6 8. a3 f6 9. Be2 g5 10. h3 h5 11. Nh2 g4 12. h4 g3 13. Nf1 gxf2+ 14. Kxf2 a6 15. Qd1 Qf7 16. Ng3 Bg6 17. Bd2 Bd6 18. Rc1 e5 19. Nxd5 exd4 20. Nf4 Bxf4 21. exf4 f5 22. Bf3 Nf6 23. Re1+ Kf8 24. Bxc6 bxc6 25. Bb4+ Kg7 26. Re7 1-0

[Event "Novi Sad Serbian op"]
[Site "Novi Sad"]
[Date "2016.11.11"]
[Round "7"]
[White "Vukovic, Zoran"]
[Black "Vojvodic, Dragoljub"]
[Result "1-0"]
[WhiteElo "1734"]
[BlackElo "1991"]
[PlyCount "115"]
[EventDate "2016.11.06"]
[EventType "swiss"]
[EventRounds "9"]
[EventCountry "SRB"]
[SourceTitle "CBM 175 Extra"]
[Source "ChessBase"]
[SourceDate "2016.12.12"]
[SourceVersion "1"]
[SourceVersionDate "2016.12.12"]
[SourceQuality "1"]

1. d4 d5 2. c4 e6 3. Nf3 Nf6 4. Nc3 Bb4 5. e3 0-0 6. cxd5 exd5 7. Bd3 Ne4 8. Qc2 f5 9. h4 Nc6 10. g3 Be6 11. a3 Bd6 12. Bd2 a6 13. Bxe4 fxe4 14. Ng5 Qf6 15. f4 Ne7 16. 0-0-0 Bg4 17. Rdf1 b5 18. Qb3 Be6 19. Ncxe4 dxe4 20. Qxe6+ Qxe6 21. Nxe6 Rfc8 22. Ng5 Nf5 23. Nxe4 Re8 24. Nxd6 cxd6 25. Rf3 d5 26. g4 Nd6 27. Bb4 Nc4 28. Re1 a5 29. Bc5 a4 30. Kc2 Re4 31. Re2 Rae8 32. Kd3 Kf7 33. h5 g6 34. hxg6+ Kxg6 35. f5+ Kf7 36. f6 h6 37. Be7 Rxg4 38. Rh2 Rh8 39. Kc3 Re4 40. Kd3 Rg4 41. Rf5 Ke6 42. Rf3 Kf7 43. Kc3 Re4 44. Re2 h5 45. Kb4 h4 46. Kxb5 h3 47. Rh2 Nxb2 48. Kc6 Nc4 49. Rfxh3 Rxh3 50. Rxh3 Nxe3 51. Rh7+ Ke6 52. Bd8 Rxd4 53. Re7+ Kxf6 54. Re4+ Kf5 55. Rxd4 Ke5 56. Rxa4 d4 57. Bb6 Nf5 58. Rxd4 1-0

[Event "Novi Sad Serbian op"]
[Site "Novi Sad"]
[Date "2016.11.09"]
[Round "5"]
[White "Vukovic, Zoran"]
[Black "Padjen, Zdenko"]
[Result "0-1"]
[WhiteElo "1734"]
[BlackElo "2023"]
[PlyCount "84"]
[EventDate "2016.11.06"]
[EventType "swiss"]
[EventRounds "9"]
[EventCountry "SRB"]
[SourceTitle "CBM 175 Extra"]
[Source "ChessBase"]
[SourceDate "2016.12.12"]
[SourceVersion "1"]
[SourceVersionDate "2016.12.12"]
[SourceQuality "1"]

1. d4 f5 2. c4 Nf6 3. Nc3 d6 4. f4 c6 5. b4 g6 6. a4 Bg7 7. e3 0-0 8. Qc2 Na6 9. b5 Nb4 10. Qb3 c5 11. Bd2 e5 12. dxc5 dxc5 13. fxe5 Ng4 14. Nf3 Nd3+ 15. Ke2 Ndxe5 16. Nxe5 Bxe5 17. h3 Nf6 18. Rd1 Be6 19. Be1 Qe8 20. g3 Qf7 21. Nd5 Ne4 22. Kf3 g5 23. Kg2 Qg7 24. Bd3 Nf6 25. Rf1 Nh5 26. Be2 g4 27. h4 Kh8 28. Nf4 Nxf4+ 29. exf4 Bd4 30. Bd3 Rad8 31. Qc2 b6 32. Bd2 Bc8 33. Rde1 Qf6 34. a5 bxa5 35. Bxa5 Rde8 36. Bc7 Bb7+ 37. Kh2 Bf3 38. Qa4 Qg7 39. Rxe8 Rxe8 40. Qxa7 Ra8 41. Re1 Rxa7 42. Re8+ Qg8 0-1

[Event "Novi Sad Serbian op"]
[Site "Novi Sad"]
[Date "2016.11.08"]
[Round "4"]
[White "Marceta, Dimitrije"]
[Black "Vukovic, Zoran"]
[Result "0-1"]
[WhiteElo "1572"]
[BlackElo "1734"]
[PlyCount "74"]
[EventDate "2016.11.06"]
[EventType "swiss"]
[EventRounds "9"]
[EventCountry "SRB"]
[SourceTitle "CBM 175 Extra"]
[Source "ChessBase"]
[SourceDate "2016.12.12"]
[SourceVersion "1"]
[SourceVersionDate "2016.12.12"]
[SourceQuality "1"]

1. d4 Nf6 2. c4 g6 3. Nc3 d5 4. e3 c6 5. Nf3 dxc4 6. Bxc4 b5 7. Bb3 a5 8. a4 b4 9. Ne2 Bg7 10. 0-0 0-0 11. Ng3 Nfd7 12. Qc2 e5 13. dxe5 Nxe5 14. Nxe5 Bxe5 15. e4 Qf6 16. Rb1 Be6 17. Bxe6 Qxe6 18. b3 Na6 19. Bb2 Bxb2 20. Qxb2 Rfd8 21. Rbc1 Rd3 22. Rc4 Rad8 23. Qb1 Qd7 24. Rcc1 Rd2 25. h3 c5 26. Rc2 Rd3 27. Rfc1 Qe6 28. Rc4 Rd2 29. R4c2 Qd6 30. Rxd2 Qxd2 31. Qc2 Qxc2 32. Rxc2 Rd1+ 33. Kh2 Rb1 34. Ne2 Rxb3 35. Kg1 Ra3 36. Kf1 b3 37. Rb2 Ra1+ 0-1

[Event "Novi Sad Serbian op"]
[Site "Novi Sad"]
[Date "2016.11.06"]
[Round "1"]
[White "Vukovic, Zoran"]
[Black "Petkovic, Radosav"]
[Result "0-1"]
[WhiteElo "1734"]
[BlackElo "2242"]
[PlyCount "56"]
[EventDate "2016.11.06"]
[EventType "swiss"]
[EventRounds "9"]
[EventCountry "SRB"]
[SourceTitle "CBM 175 Extra"]
[Source "ChessBase"]
[SourceDate "2016.12.12"]
[SourceVersion "1"]
[SourceVersionDate "2016.12.12"]
[SourceQuality "1"]

1. d4 Nf6 2. c4 g6 3. Nc3 Bg7 4. e4 d6 5. f3 Nc6 6. d5 Ne5 7. h3 0-0 8. f4 Ned7 9. g4 c6 10. Be3 cxd5 11. cxd5 Qa5 12. Qb1 Nc5 13. Bd2 Qb6 14. Bg2 Bd7 15. Be3 Qxb2 16. Qxb2 Nd3+ 17. Kd2 Nxb2 18. Nge2 Nc4+ 19. Kd3 Nxe3 20. Kxe3 Rfc8 21. Rhc1 Ne8 22. Rab1 Rc7 23. Nb5 Rxc1 24. Nxc1 Bxb5 25. Rxb5 b6 26. Nd3 Rc8 27. Nb4 Rc3+ 28. Kd2 Nc7 0-1